[Event "CCM7 - 14. ORDIX Open"]
[Site "Chess Classic Mainz"]
[Date "2007.??.??"]
[Round "4"]
[White "Leon Hoyos, Manuel"]
[Black "Landa, Konstantin"]
[Result "0-1"]
[WhiteElo "2517"]
[BlackElo "2612"]
[Annotator "Chess Tigers / Mike Rosa"]
[PlyCount "128"]
[EventDate "2007.??.??"]

1. e4 c5 2. Nf3 e6 3. d4 cxd4 4. Nxd4 a6 5. Bd3 Bc5 6. Nb3 Ba7 7. Qe2 d6 8. Be3
Ne7 9. O-O O-O 10. f4 Nd7 11. N1d2 e5 12. f5 d5 13. Bxa7 Rxa7 14. Nf3 Re8 15.
Rad1 Qc7 16. Ng5 h6 17. Nxf7 Kxf7 18. exd5 Qb6+ 19. Kh1 Nf6 20. d6 Nc6 21. c4
e4 22. c5 Qd8 23. Bc4+ Kf8 24. Bd5 Bd7 25. Bxc6 Bxc6 26. Nd4 Qd7 27. Qe3 Kg8
28. b4 Raa8 29. h3 Re5 30. Ne6 Re8 31. Nc7 Rxf5 32. Rxf5 Qxf5 33. Nxe8 Bxe8 34.
Qb3+ Bf7 35. Qe3 Be8 36. Kg1 Bc6 37. Rf1 Qe5 38. a3 Bb5 39. Rd1 Qb2 40. Rd2
Qa1+ 41. Kh2 h5 42. Rf2 Qe5+ 43. Kg1 Nd5 44. Qb3 e3 45. Re2 Kh8 46. Re1 Bc6 47.
a4 Qg3 48. Re2 Nf4 49. Qxe3 {Kombination der Woche #21 - In der Partie übersah
Schwarz die sich bietende Chance und nahm mit} Nxe2+ $2 $17 {nur den Spatz in
der Hand. Er gewann die Partie zwar später noch, doch es wird ihn sicherlich
geärgert haben, dass er den sofortigen Gewinn mittels} (49... Nxh3+ $3 {nicht
gefunden hat. Wohin sich der weiße König auch verzieht, der lange Läufer
entscheidet die Partie.} 50. Kh1 (50. Kf1 Bxg2+ $19) 50... Bxg2+ $19) 50. Qxe2
Qg5 51. Qd1 Qe3+ 52. Kh2 Qe8 53. Qd2 Bxa4 54. Qg5 Bc6 55. Qf4 Kh7 56. Qg5 Qg6
57. Qd2 Qf5 58. Qe3 h4 59. Qd4 g5 60. Qd1 Kg6 61. Qe2 Qd5 62. Qc2+ Kf6 63. Qf2+
Qf5 64. Qb2+ Qe5+ 0-1

[Event "CCM7 - 14. ORDIX Open"]
[Site "Chess Classic Mainz"]
[Date "2007.??.??"]
[Round "5"]
[White "Volokitin, Andrei"]
[Black "Khenkin, Igor"]
[Result "0-1"]
[WhiteElo "2628"]
[BlackElo "2588"]
[Annotator "Chess Tigers / Mike Rosa"]
[PlyCount "52"]
[EventDate "2007.??.??"]

1. d4 d5 2. c4 dxc4 3. Nf3 a6 4. e3 b5 5. a4 Bb7 6. axb5 axb5 7. Rxa8 Bxa8 8.
b3 e6 9. bxc4 bxc4 10. Ne5 Nd7 11. Qa4 Ngf6 12. Nc6 Nb6 13. Qb5 Qd7 14. Na7 Ne4
15. Na3 Qxb5 16. N7xb5 Bb4+ 17. Ke2 c6 18. Nc7+ Kd7 19. Na6 Be7 20. Ke1 Bb7 21.
Nxc4 Nxc4 22. Bxc4 Ra8 23. f3 $2 {Kombination der Woche #22 - Weiß stand
ohnehin nicht berauschend, doch hier beging er den letztlich entscheidenden
Fehler. Schwarz gewinnt eine Figur.} Bxa6 24. Bxa6 Bb4+ $1 {Das wird Volokitin
entgangen sein.} 25. Kf1 (25. Ke2 Nc3+ $19) (25. Kd1 Nf2+ $19) 25... Rxa6 26.
fxe4 Ra2 $1 {Weiß gab auf, den gegen Rc2 ist kein Kraut gewachsen.} 0-1

[Event "CCM7 - 14. ORDIX Open"]
[Site "Chess Classic Mainz"]
[Date "2007.??.??"]
[Round "6"]
[White "Grischuk, Alexander"]
[Black "Burmakin, Vladimir"]
[Result "0-1"]
[WhiteElo "2735"]
[BlackElo "2644"]
[Annotator "Chess Tigers / Mike Rosa"]
[PlyCount "182"]
[EventDate "2007.??.??"]

1. e4 c6 2. d4 d5 3. Nc3 dxe4 4. Nxe4 Bf5 5. Ng3 Bg6 6. h4 h6 7. Nf3 Nd7 8. h5
Bh7 9. Bd3 Bxd3 10. Qxd3 e6 11. Bf4 Qa5+ 12. Bd2 Qc7 13. O-O-O O-O-O 14. Ne4
Ngf6 15. g3 Nxe4 16. Qxe4 Bd6 17. Kb1 Rhe8 18. Qh7 Rg8 19. c4 Nf6 20. Qc2 c5
21. d5 exd5 22. cxd5 Kb8 23. Bc3 Ng4 24. Rhe1 g6 25. Nh4 Ka8 26. hxg6 fxg6 27.
Re4 h5 28. f3 Ne5 29. f4 Nf7 30. Bf6 Rc8 31. Re6 g5 32. Nf5 gxf4 33. Nxd6 Nxd6
34. Be5 Rcd8 35. Bxf4 c4 36. Rh1 Qc5 37. Rxh5 Nb5 38. Re1 Qb4 39. Re3 Rge8 40.
a3 Qc5 41. Rxe8 Rxe8 42. Re5 Rxe5 43. Bxe5 Qxd5 44. Bh8 Qh1+ 45. Ka2 Qxh8 46.
Qxc4 Nd6 47. Qe6 Qf8 48. Qe5 Kb8 49. g4 Kc7 50. Qc5+ Kd7 51. Qxa7 Qf7+ 52. Ka1
Qf1+ 53. Ka2 Qc4+ 54. Ka1 Qxg4 55. Qb6 Qd1+ 56. Ka2 Qd5+ 57. Ka1 Qh1+ 58. Ka2
Qd5+ 59. Ka1 Nb5 60. Qa5 Qd1+ 61. Ka2 Qd5+ 62. Ka1 Kc6 63. Qa4 Qh1+ 64. Ka2
Qd5+ 65. Ka1 Kb6 66. Qb4 Qd1+ 67. Ka2 Qd5+ 68. Ka1 Qd4 69. Qb3 Ka6 70. Qe6+ Nd6
71. Qe2+ Ka7 72. Qc2 Nb5 73. Qb3 Qg1+ 74. Ka2 Qc5 75. Qa4+ Kb8 76. Qa5 Qc4+ 77.
Ka1 Qf1+ 78. Ka2 Qc4+ 79. Ka1 Qd5 80. Kb1 Qh1+ 81. Ka2 Qd5+ 82. Ka1 Nc7 83. Qb4
Na6 84. Qf8+ Ka7 85. Qf2+ Nc5 86. Kb1 Ka6 87. Qf6+ b6 88. Qf4 Qd1+ 89. Ka2 Qb3+
90. Ka1 {Kombination der Woche #23 - Kurz und knackig,} Qxb2+ $1 $19 {
entschied die Partie sofort.} 91. Kxb2 Nd3+ $19 0-1

[Event "CCM7 - 14. ORDIX Open"]
[Site "Chess Classic Mainz"]
[Date "2007.??.??"]
[Round "6"]
[White "Almasi, Zoltan"]
[Black "Al-Modiahki, Mohamad"]
[Result "1-0"]
[WhiteElo "2649"]
[BlackElo "2555"]
[Annotator "Chess Tigers / Mike Rosa"]
[PlyCount "55"]
[EventDate "2007.??.??"]

1. e4 c5 2. Nf3 d6 3. d4 cxd4 4. Nxd4 Nf6 5. Nc3 a6 6. f3 Qb6 7. g4 Nc6 8. Nb3
e6 9. g5 Nd7 10. Qe2 Qc7 11. Be3 b5 12. f4 Bb7 13. Bg2 b4 14. Na4 Na5 15. Nb6
Nxb6 16. Nxa5 Bc8 17. O-O-O Na4 18. Qc4 Nc5 19. Bxc5 Qxc5 20. Qxc5 dxc5 21. e5
Ra7 22. Bc6+ Ke7 {Kombination der Woche #24 - Mit} 23. Ba4 $1 {leitete Weiß
gekonnt das Ende der Partie ein. Materialverlust lässt sich nicht mehr
vermeiden.} Rc7 ({Nicht minder schön ist} 23... Bd7 {:} 24. Rxd7+ Rxd7 25. Nc6+
Ke8 26. Nb8 $18 {.}) 24. Nc6+ Rxc6 {Schwarz hat keine Wahl.} (24... Ke8 25.
Rd8#) 25. Bxc6 $18 f6 26. Rd2 fxe5 27. Rhd1 g6 $2 28. Rd7+ {Schwarz gab auf.}
1-0

[Event "CCM8 - 15. ORDIX Open"]
[Site "Mainz"]
[Date "2008.08.02"]
[Round "3"]
[White "Meinhardt, Maximilian"]
[Black "Eljanov, Pavel"]
[Result "0-1"]
[WhiteElo "2366"]
[BlackElo "2716"]
[Annotator "Chess Tigers / Mike Rosa"]
[PlyCount "62"]
[EventDate "2008.08.02"]
[EventType "rapid"]
[EventRounds "11"]
[EventCountry "GER"]

1. e4 e5 2. Nf3 Nc6 3. Bc4 Bc5 4. c3 Nf6 5. d3 d6 6. Nbd2 a6 7. Bb3 h6 8. Nc4
Be6 9. O-O Ba7 10. Ne3 O-O 11. Re1 Re8 12. Bxe6 fxe6 13. h3 Qd7 14. a4 Rf8 15.
b4 Qf7 16. Nc4 Ne7 17. Qb3 Ng6 18. d4 exd4 19. cxd4 Nh5 20. Ra2 Nhf4 21. Bxf4
Nxf4 22. Kh2 Qh5 23. Ncd2 Kh8 24. Rc2 Rac8 25. Qc4 Rf7 26. Qf1 Rcf8 27. g4 Qg6
28. Nh4 Qf6 29. Nhf3 Ng6 30. Qg2 {Kombination der Woche #27 - Mit} Nh4 $1 {hob
der Favorit die Stellung seines jungen Gegners mühelos aus den Angeln.
Ebenfalls gut aber eben nicht so durchschlagen war} (30... Bxd4 $19 {.}) 31.
Nxh4 Qxh4 {und der Punkt f2 ist nicht mehr zu halten.} 0-1

[Event "CCM8 - 15. ORDIX Open"]
[Site "Mainz"]
[Date "2008.08.02"]
[Round "3"]
[White "Nakamura, Hikaru"]
[Black "Postojev, Alexander"]
[Result "1-0"]
[WhiteElo "2697"]
[BlackElo "2364"]
[Annotator "Chess Tigers / Mike Rosa"]
[PlyCount "57"]
[EventDate "2008.08.02"]
[EventType "rapid"]
[EventRounds "11"]
[EventCountry "GER"]

1. e4 c5 2. Nf3 Nc6 3. Nc3 a6 4. d4 cxd4 5. Nxd4 e5 6. Nde2 d6 7. g3 Be7 8. Bg2
Nf6 9. h3 h6 10. O-O O-O 11. Be3 Be6 12. Qd2 Qd7 13. Kh2 b5 14. b3 Qb7 15. f4
Rad8 16. f5 Bc8 17. g4 b4 18. Nd5 Nxd5 19. exd5 Nb8 20. f6 Bxf6 21. Rxf6 gxf6
22. Bxh6 Rfe8 23. Rf1 Qe7 24. Ng3 a5 25. Nh5 Nd7 {Kombination der Woche #28 -
Natürlich hatte das Taktikmonster Nakamura schon vorher} 26. Nxf6+ $1 {gesehen.
} Kh8 ({Auf} 26... Nxf6 {folgt} 27. Qg5+ $18 {nebst Matt auf g7.}) 27. Bg7+ $1
{Der finale K.O.-Schlag, der Schwarz zur Aufgabe bewegte.} Kxg7 28. Qg5+ Kh8 (
28... Kf8 29. Qg8# (29. Nh7#) (29. Qh6#)) 29. Qh6# 1-0

[Event "CCM8 - 15. ORDIX Open"]
[Site "Mainz"]
[Date "2008.08.02"]
[Round "3"]
[White "Klundt, Klaus"]
[Black "Najer, Evgeniy"]
[Result "0-1"]
[WhiteElo "2361"]
[BlackElo "2680"]
[Annotator "Chess Tigers / Mike Rosa"]
[PlyCount "70"]
[EventDate "2008.08.02"]
[EventType "rapid"]
[EventRounds "11"]
[EventCountry "GER"]

1. e4 c5 2. Nf3 d6 3. d4 cxd4 4. Nxd4 Nf6 5. Nc3 a6 6. f4 e5 7. Nf3 Nbd7 8. Bd3
Be7 9. O-O O-O 10. Kh1 b5 11. a3 Bb7 12. Qe2 Re8 13. fxe5 dxe5 14. Nh4 g6 15.
Nf3 Nh5 16. Bh6 Nf4 17. Qf2 f6 18. Bxf4 exf4 19. Nd5 Bxd5 20. exd5 Bc5 21. Qh4
Be3 22. Rad1 Nc5 23. Qg4 Ra7 24. b4 Nxd3 25. Rxd3 Qc8 26. Qxc8 Rxc8 27. Nd4
Bxd4 28. Rxd4 g5 29. h4 Rxc2 30. Re1 Kf7 31. hxg5 fxg5 32. Re6 Re7 33. Rxa6 $4
{Kombination der Woche - Die Einladung des deutschen IMs nahm der GM gerne an
und konnte mit} Re1+ $19 {den vollen Punkt einfahren.} 34. Kh2 f3 {Weiß gab
auf.} 35. Rg4 (35. Ra7+ Kg6 36. Ra6+ Kh5 $19) 35... f2 $19 0-1

[Event "CCM8 - 15. ORDIX Open"]
[Site "Mainz"]
[Date "2008.08.02"]
[Round "3"]
[White "Kasimdzhanov, Rustam"]
[Black "Alber, Horst"]
[Result "1-0"]
[WhiteElo "2679"]
[BlackElo "2357"]
[Annotator "Chess Tigers / Mike Rosa"]
[PlyCount "57"]
[EventDate "2008.08.02"]
[EventType "rapid"]
[EventRounds "11"]
[EventCountry "GER"]

1. e4 g6 2. d4 Bg7 3. Nc3 d6 4. f4 a6 5. Nf3 b5 6. Bd3 Bb7 7. Qe2 Nf6 8. e5 Nd5
9. Nxd5 Bxd5 10. O-O e6 11. a4 b4 12. c3 O-O 13. Be4 Bxe4 14. Qxe4 d5 15. Qe1
bxc3 16. bxc3 Qd7 17. Qh4 Nc6 18. Ng5 h6 19. Nf3 Ne7 20. g4 Rfb8 21. f5 exf5
22. Bxh6 fxg4 $4 {Kombination der Woche #30 - Nach dem letzten schwarzen Zug
ist der Nachziehende definitiv nicht mehr zu retten.} 23. Bxg7 Kxg7 24. Qf6+ $5
{Das reicht zwar zum Gewinn, doch der ehemalige Fide-Weltmeister lässt es
etwas an Ästhetik mangeln.} ({Eleganter wäre} 24. Ng5 $142 $1 {gewesen. Nach}
Nf5 {entscheidet} 25. Qh7+ Kf8 26. e6 $18 {sofort.}) 24... Kh6 25. Ng5 $18 {
Natürlich ist Schwarz auch hier platt. Und nach} Rb6 $2 {erst recht.} (25...
Rf8 26. Nxf7+ Rxf7 27. Qxf7 $18) 26. Nxf7+ Kh7 27. Qh4+ {Schwarz gab auf.} Kg7
(27... Kg8 28. Qh8#) 28. Qh6+ Kg8 29. Qh8# 1-0

[Event "CCM8 - 15. ORDIX Open"]
[Site "Mainz"]
[Date "2008.08.02"]
[Round "3"]
[White "Euler, Gerd"]
[Black "Almasi, Zoltan"]
[Result "0-1"]
[WhiteElo "2351"]
[BlackElo "2675"]
[Annotator "Chess Tigers / Mike Rosa"]
[PlyCount "46"]
[EventDate "2008.08.02"]
[EventType "rapid"]
[EventRounds "11"]
[EventCountry "GER"]

1. Nf3 Nf6 2. b3 d5 3. Bb2 Bg4 4. c4 e6 5. e3 Nbd7 6. Be2 Bd6 7. h3 Bxf3 8.
Bxf3 c6 9. cxd5 exd5 10. d3 Qe7 11. Nd2 Ba3 12. Qc1 Bxb2 13. Qxb2 O-O 14. O-O
a5 15. a3 Rfd8 16. Rfe1 Nc5 17. Qd4 Ne6 18. Qh4 Re8 19. d4 h6 20. Rec1 Ng5 21.
Be2 $4 {Kombination der Woche #31 - Mit} (21. Qf4 $142 $13) 21... Nfe4 $1 $19 {
nutzte Schwarz die ungünstige Postierung der weißen Dame. Es droht nun
vernichtend Nf3+! Da zudem der Nd2 hängt, gab Weiß'sofort auf.} 22. Nxe4 Nf3+
23. Bxf3 Qxh4 $19 0-1